000 00985nam a2200349Ia 4500
003 OSt
005 20220912144711.0
006 a|||||r|||| 00| 0
007 ta
008 220909b |||||||| |||| 00| 0 eng d
020 _a9781605351155 (hbk)
020 _aSL01599757
024 _a194784
037 _b139, 20/11/2015, N R Book Distributors
037 _cTextbook
040 _aCSL
_beng
_cCSL
041 _aeng
082 _aG:66, P5;Q3;6 TK
100 _aFutuyma Douglas J
245 0 _aEvolution
250 _a3
260 _aSunderland
_bSinauer Associates
_c2013
300 _axvii, 656p. ill.
500 _aGlossary G-1-14p.; Literature cited LC-1-37p.; Index I-1-36p.
650 _a Gebes
650 _a Geography
650 _a Species
650 _aFossil record
700 _aFutuyma Douglas J
942 _hG:66, P5;Q3;6 TK
_cTB
_2CC
999 _c16216
_d16216